Le 25 città più popolose d'Italia - Statistics

Statistiche generali
  • Questo quiz è stato fatto 140 volte
  • Il punteggio medio è 18 su 25
Statistiche sulle risposte
Hint Risposta % Corretto
1 367 518 Milano
100%
906 574 Napoli
99%
625 103 Palermo
99%
2 746 709 Roma
99%
857 529 Torino
97%
391 484 Bologna
96%
362 654 Firenze
95%
315 894 Bari
93%
249 271 Venezia
87%
564 592 Genova
84%
297 200 Catania
81%
255 105 Verona
77%
198 746 Trieste
70%
200 448 Brescia
69%
199 135 Parma
66%
207 838 Padova
64%
184 818 Modena
54%
216 707 Messina
52%
172 835 Reggio Emilia
51%
168 228 Reggio Calabria
48%
152 649 Livorno
43%
162 535 Perugia
39%
198 533 Prato
36%
185 477 Taranto
35%
156 397 Ravenna
32%
Nessun quiz corrispondente trovato
Distribuzione punteggi
Percentuale di utenti per punteggio
Percentile per numero di risposta
I tuoi punteggi nel tempo
Non hai fatto questo quiz